[Event "Mechanics' Summer TNM; G/2 d/5"]
[Site "San Francisco"]
[Date "2018.07.17"]
[Round "8.38"]
[White "Lucas, Jermorio"]
[Black "Capdeville, Barry"]
[Result "0-1"]
[WhiteElo "1239"]
[BlackElo "1200"]
[PlyCount "38"]
[EventDate "2018.??.??"]
[Source "ChessBase"]
[SourceDate "2007.09.04"]

1. d4 d5 2. Bf4 Nf6 3. h3 e6 4. e3 Be7 5. Ne2 O-O 6. Bh2 Nbd7 7. Nf4 e5 8. dxe5
Nxe5 9. Be2 b6 10. O-O Bb7 11. Nh5 Bd6 12. Ng3 Ne4 13. Nf5 Nc4 14. Bxc4 Bxh2+
15. Kxh2 dxc4 16. Qg4 Ng5 17. Qxc4 Qd7 18. Nd4 c5 19. Ne2 Bxg2 0-1

[Event "Mechanics' Shipman TNM; G/2 d/5"]
[Site "San Francisco"]
[Date "2018.08.14"]
[Round "2.24"]
[White "Lucas, Jermorio"]
[Black "Xu, Jayden"]
[Result "1-0"]
[WhiteElo "1248"]
[BlackElo "1694"]
[PlyCount "55"]
[EventDate "2018.??.??"]
[Source "ChessBase"]
[SourceDate "2007.09.04"]

1. e4 e6 2. Bc4 d5 3. exd5 exd5 4. Bb3 Nf6 5. Qf3 Be6 6. Nh3 Bxh3 7. Qxh3 Be7
8. Nc3 O-O 9. Ne2 Re8 10. O-O Bc5 11. Ng3 a5 12. c3 Ne4 13. d4 Bf8 14. Nf5 a4
15. Bc2 Nd7 16. f3 Nef6 17. Bf4 c5 18. Bd6 Re6 19. Qg3 Nh5 20. Qg4 Ndf6 21.
Nh6+ Kh8 22. Nxf7+ Kg8 23. Qxe6 Qe8 24. Qxe8 Nxe8 25. Bxf8 Kxf8 26. Ng5 h6 27.
Ne6+ Kf7 28. Nxc5 1-0

[Event "Mechanics' Spring TNM; G/2 d5"]
[Site "San Francisco"]
[Date "2018.05.01"]
[Round "7.34"]
[White "Lucas Sr, Jermorio"]
[Black "Regzedmaa, Ganhuya"]
[Result "0-1"]
[WhiteElo "1123"]
[BlackElo "1473"]
[PlyCount "50"]
[EventDate "2018.??.??"]
[Source "ChessBase"]
[SourceDate "2007.09.04"]

1. e4 e5 2. Bc4 Nf6 3. d3 Nc6 4. Bg5 Be7 5. a3 d6 6. Ne2 h6 7. Bh4 a6 8. Nbc3
b5 9. Ba2 Nh7 10. Bxe7 Nxe7 11. Ng3 Nf6 12. Qd2 O-O 13. O-O c6 14. Rad1 Be6 15.
Bb1 Bg4 16. f3 Be6 17. Nce2 Qb6+ 18. Kh1 Ng6 19. c3 Rad8 20. Nf5 Bb3 21. Bc2
Bxc2 22. Qxc2 Qc7 23. d4 d5 24. dxe5 Qxe5 25. Ned4 Rc8 {
... score unreadable -- resolve ambiguity!} 0-1

[Event "Mechanics' Winter TNM; G/2 d5"]
[Site "San Francisco"]
[Date "2018.01.23"]
[Round "3.40"]
[White "MacIntyre, Brendan"]
[Black "Boldt, Tim"]
[Result "0-1"]
[WhiteElo "1619"]
[BlackElo "1329"]
[PlyCount "118"]
[EventDate "2018.??.??"]
[Source "ChessBase"]
[SourceDate "2007.09.04"]

1. d4 Nf6 2. c4 e5 3. dxe5 Ng4 4. Nf3 Bc5 5. e3 Nc6 6. Be2 O-O 7. O-O Re8 8.
Nc3 Ngxe5 9. Nxe5 Nxe5 10. a3 a5 11. b3 Ra6 12. e4 Rg6 13. Bf4 d6 14. Bh5 Bg4
15. Bxg4 Nxg4 16. Ra2 c6 17. Kh1 Qf6 18. Qc1 Bd4 19. e5 Bxe5 20. Re2 Re6 21.
Bxe5 Rxe5 22. Ne4 Qh4 23. Qf4 Qe7 24. f3 Nf6 25. Rfe1 Nxe4 26. Rxe4 Rxe4 27.
Rxe4 Re6 28. Kg1 Rxe4 29. Qxe4 Qxe4 30. fxe4 f6 31. Kf2 Kf7 32. Ke3 Ke6 33. g4
Ke5 34. h4 g6 35. h5 gxh5 36. gxh5 d5 37. exd5 cxd5 38. cxd5 Kxd5 39. Kf4 Ke6
40. b4 axb4 41. axb4 b5 42. Kg4 Ke5 43. h6 Ke4 44. Kh5 Kf5 45. Kh4 Kg6 46. Kg4
Kxh6 47. Kf5 Kg7 48. Kg4 Kg6 49. Kf4 h5 50. Ke4 f5+ 51. Kf4 h4 52. Ke5 Kf7 53.
Kf4 Ke6 54. Kf3 Kd5 55. Kf4 h3 56. Kg3 Ke4 57. Kxh3 Kf3 58. Kh2 f4 59. Kg1 Ke2
0-1

[Event "Mechanics' Winter TNM; G/2 d5"]
[Site "San Francisco"]
[Date "2018.02.06"]
[Round "5.40"]
[White "MacIntyre, Brendan"]
[Black "Cryer, Benjamin"]
[Result "0-1"]
[WhiteElo "1619"]
[BlackElo "1224"]
[PlyCount "60"]
[EventDate "2018.??.??"]
[Source "ChessBase"]
[SourceDate "2007.09.04"]

1. d4 Nf6 2. c4 g6 3. Nc3 Bg7 4. Nf3 d5 5. g3 O-O 6. Bg2 c6 7. cxd5 cxd5 8. O-O
Nbd7 9. Bf4 Nb6 10. Qc1 Ne4 11. Bh6 Nxc3 12. bxc3 f6 13. Bxg7 Kxg7 14. Rd1 Be6
15. Nd2 Qc8 16. e4 Re8 17. Re1 Qd7 18. e5 f5 19. Nb3 Qc8 20. Nc5 Nc4 21. Rb1 b6
22. Nd3 Bf7 23. f3 e6 24. g4 Qa6 25. Qd2 $4 Nxd2 26. Nb4 Qc8 27. Rbc1 a5 28.
Nd3 Qc4 29. Nf4 Qxa2 30. gxf5 gxf5 0-1

[Event "Mechanics' Spring TNM; G/2 d5"]
[Site "San Francisco"]
[Date "2018.04.17"]
[Round "5.39"]
[White "MacIntyre, Brendan"]
[Black "Frank, Robert H"]
[Result "1/2-1/2"]
[WhiteElo "1619"]
[BlackElo "1261"]
[Annotator "Winslow,Elliott"]
[PlyCount "62"]
[EventDate "2018.??.??"]
[Source "ChessBase"]
[SourceDate "2007.09.04"]

1. d4 Nf6 2. c4 e6 3. Nc3 Bb4 4. Nf3 c5 5. e3 ({
It almost feels wrong to even mention} 5. g3) 5... Ne4 6. Qc2 d5 7. dxc5 Nxc3
8. bxc3 Bxc5 9. cxd5 Qxd5 10. Bd3 h6 11. O-O Nd7 12. c4 Qc6 13. Bb2 Bf8 {
You can't just chuck development like that! NOT a blocked-center French...} 14.
a4 (14. Be2 {is Stockfish's favorite move, not that a human would play *that*})
14... a5 15. Ba3 $4 {Letting Black completely off the hook!} Bxa3 16. Rxa3 Nc5
17. Nd4 Qd7 18. Be2 O-O 19. Rd1 Qe7 20. Raa1 Bd7 21. Nb5 Bc6 22. f3 $6 {
With the "plan" of putting all your pawns on the color of your bishop...} e5
23. e4 Ne6 24. g3 Ng5 $6 25. Nd6 Qf6 26. Kg2 Rfd8 27. c5 {
White is almost fine now!} Ne6 28. Nf5 Nd4 29. Nxd4 Rxd4 30. Rxd4 exd4 31. Qd2
$4 d3 $19 {
DRAW??? Why play? If you play a crushing move like this, you should collect!}
1/2-1/2

[Event "Mechanics' Winter TNM; G/2 d5"]
[Site "San Francisco"]
[Date "2018.02.13"]
[Round "6.46"]
[White "MacIntyre, Brendan"]
[Black "Mclain, John"]
[Result "1-0"]
[WhiteElo "1619"]
[BlackElo "1435"]
[Annotator "Donaldson"]
[PlyCount "71"]
[EventDate "2018.??.??"]
[Source "ChessBase"]
[SourceDate "2007.09.04"]

1. d4 Nf6 2. c4 g6 3. Nc3 Bg7 4. g3 Nc6 5. Bg2 O-O 6. Nf3 d5 7. cxd5 Nxd5 8. e4
Nxc3 9. bxc3 e5 10. Bb2 Re8 11. d5 Na5 12. Nd2 c6 13. c4 Qb6 14. Rb1 Qc5 15.
Qe2 b6 16. O-O Ba6 17. Rbc1 (17. Rfc1) 17... Bh6 (17... cxd5 18. exd5 Rac8 19.
Rfd1 Nxc4 20. Bf1 Nxb2 21. Qxa6 Qf8 22. Re1 $11) 18. Rc2 cxd5 19. exd5 Rac8 $2
(19... Bxd2 20. Qxd2 Nxc4 $15) 20. Ne4 $1 Qe7 21. d6 $1 Qe6 {Diagram [#]} 22.
Rd1 $2 (22. d7 $18) 22... Red8 23. Qf3 Kg7 $2 (23... f5 $1) 24. c5 $1 f5 25. d7
Rc7 26. Rd6 fxe4 27. Qxe4 $1 Qf5 28. Bxe5+ Kg8 29. Qd5+ (29. Qxf5 gxf5 30. Bd5+
Kf8 31. Rf6+ Kg7 32. Rxf5+ Kg6 33. Rf6+ Kg7 34. Rf4+ Kg6 35. Bf7+ Kg5 36. h4#)
29... Qf7 30. Qd4 (30. Qxf7+ Kxf7 31. Bd5+ Ke7 (31... Kf8 32. Rf6+ Kg7 33. Rf3#
) 32. Bf6+ Kf8 33. Bxd8) 30... Rcxd7 31. Bd5 Rxd6 32. Bxf7+ Kxf7 33. Bxd6 bxc5
34. Rxc5 Nb7 35. Rc7+ Ke6 36. Qe5# 1-0

[Event "Mechanics' Spring TNM; G/2 d5"]
[Site "San Francisco"]
[Date "2018.03.27"]
[Round "2.20"]
[White "MacIntyre, Brendan"]
[Black "Walder, Michael S"]
[Result "0-1"]
[WhiteElo "1619"]
[BlackElo "2117"]
[PlyCount "84"]
[EventDate "2018.??.??"]
[Source "ChessBase"]
[SourceDate "2007.09.04"]

1. d4 Nf6 2. c4 e6 3. Nc3 Bb4 4. Nf3 c5 5. a3 Bxc3+ 6. bxc3 Nc6 7. g3 Ne4 8.
Qc2 Qa5 9. Bd2 Nxd2 10. Qxd2 Qa4 11. e3 O-O 12. Be2 b6 13. O-O cxd4 14. cxd4
Ba6 15. Qd1 Qxd1 16. Rfxd1 Na5 17. Nd2 d5 18. Bf3 Nxc4 19. e4 Nxd2 20. Rxd2 Bc4
21. Kg2 Rfd8 22. a4 Rac8 23. Rb1 g6 24. e5 Rc6 25. Rdb2 Rdc8 26. Rb4 Bd3 27.
R1b3 Rc3 28. Rb2 R8c4 29. h4 Rxb4 30. Rxb4 Rc4 31. Rxc4 dxc4 32. Bd1 c3 33. a5
c2 34. Bxc2 Bxc2 35. axb6 axb6 36. Kf3 b5 37. Ke3 b4 38. Kd2 Be4 39. g4 Kf8 40.
Ke3 b3 41. Kd2 b2 42. f3 b1=Q 0-1

[Event "Mechanics' Winter TNM; G/2 d5"]
[Site "San Francisco"]
[Date "2018.02.27"]
[Round "8.27"]
[White "MacIntyre, Brendan"]
[Black "Zulkhuu, Jamyandagva"]
[Result "0-1"]
[WhiteElo "1619"]
[BlackElo "1175"]
[PlyCount "70"]
[EventDate "2018.??.??"]
[Source "ChessBase"]
[SourceDate "2007.09.04"]

1. d4 Nf6 2. c4 g6 3. Nc3 Bg7 4. g3 d6 5. Bg2 O-O 6. Nf3 Nbd7 7. O-O Re8 8. Re1
e5 9. dxe5 dxe5 10. e4 b6 11. Bg5 Bb7 12. b4 a5 13. a3 axb4 14. axb4 Rxa1 15.
Qxa1 Bf8 16. Qb2 Ba6 17. Qb3 c6 18. Rd1 Qe7 19. Rb1 Qe6 20. Nd2 Be7 21. h4 Ng4
22. Bxe7 Rxe7 23. Bh3 Ndf6 24. f3 Rd7 25. Qa2 Qd6 26. Nd5 cxd5 27. cxd5 b5 28.
fxg4 Qb6+ 29. Kg2 Qe3 30. g5 Nxe4 31. Nf3 Rxd5 32. Rb2 Nc3 33. Qxa6 Rd3 34.
Qc8+ Kg7 35. Qc5 Qxf3+ 0-1

[Event "Mechanics' Summer TNM; G/2 d/5"]
[Site "San Francisco"]
[Date "2018.06.17"]
[Round "8.4"]
[White "Mackenzie, Dana N"]
[Black "Askin, David Benjamin"]
[Result "0-1"]
[WhiteElo "2180"]
[BlackElo "1960"]
[PlyCount "74"]
[EventDate "2018.??.??"]
[Source "ChessBase"]
[SourceDate "2007.09.04"]

1. e4 c6 2. d4 d5 3. e5 Bf5 4. g4 Be4 5. f3 Bg6 6. h4 h5 7. Ne2 e6 8. Nf4 Bh7
9. g5 Bf5 10. Be3 Qb6 11. Nd3 Nd7 12. Qd2 Ne7 13. c3 Qc7 14. Na3 a6 15. Nc2 c5
16. Nxc5 Nxc5 17. dxc5 Qxe5 18. O-O-O Qc7 19. b4 Nc6 20. Nd4 Bg6 21. Bd3 Bxd3
22. Qxd3 Ne5 23. Qe2 Nc4 24. g6 O-O-O 25. Bg5 Re8 26. gxf7 Qxf7 27. Rhe1 e5 28.
f4 Bxc5 29. fxe5 Rxe5 30. Qh2 Bxd4 31. cxd4 Rxe1 32. Rxe1 Re8 33. Qh3+ Kb8 34.
Rxe8+ Qxe8 35. Bf4+ Ka7 36. Be5 Nxe5 37. dxe5 Qxe5 0-1

[Event "Mechanics' Summer TNM; G/2 d/5"]
[Site "San Francisco"]
[Date "2018.06.19"]
[Round "4.10"]
[White "Mackenzie, Dana N"]
[Black "Mendoza, Jonathan"]
[Result "1-0"]
[WhiteElo "2180"]
[BlackElo "1862"]
[PlyCount "115"]
[EventDate "2018.??.??"]
[Source "ChessBase"]
[SourceDate "2007.09.04"]

1. d4 Nf6 2. c4 e6 3. g3 c5 4. Bg2 cxd4 5. Qxd4 Nc6 6. Qd1 d5 7. cxd5 Nxd5 8.
Nf3 Be7 9. O-O O-O 10. Nbd2 Qc7 11. e4 Nb6 12. Qe2 e5 13. b3 Bg4 14. Bb2 Nd4
15. Qd3 Nxf3+ 16. Nxf3 Rad8 17. Qe3 f6 18. Rac1 Qd7 19. Rc2 Bb4 20. a3 Qd3 21.
Qxd3 Rxd3 22. Nxe5 fxe5 23. axb4 Rxb3 24. Bxe5 Rd8 25. Rc7 Rd7 26. Rxd7 Nxd7
27. Bd6 Kf7 28. h3 Bf3 29. Bxf3 Rxf3 30. Rd1 Ke6 31. Kg2 Rb3 32. f4 g6 33. g4
Rb2+ 34. Kg3 Rb3+ 35. Kh4 Re3 36. f5+ gxf5 37. exf5+ Kf7 38. Bf4 Re7 39. Bg5
Nf6 40. Rd6 Ng8 41. Bxe7 Kxe7 42. Re6+ Kf7 43. g5 Ne7 44. Kg4 Nc6 45. Re4 a6
46. h4 b6 47. Re6 Nxb4 48. Rxb6 a5 49. Rb7+ Kg8 50. h5 Nd5 51. Rb5 Ne3+ 52. Kf4
Nc4 53. Rc5 Nd6 54. Rxa5 h6 55. g6 Ne8 56. Ra8 Kf8 57. g7+ Kxg7 58. Rxe8 1-0

[Event "Mechanics' Summer TNM; G/2 d/5"]
[Site "San Francisco"]
[Date "2018.06.12"]
[Round "3.8"]
[White "Mackenzie, Dana N"]
[Black "Rakonitz, David"]
[Result "1/2-1/2"]
[WhiteElo "2180"]
[BlackElo "1749"]
[PlyCount "56"]
[EventDate "2018.??.??"]
[Source "ChessBase"]
[SourceDate "2007.09.04"]

1. e4 e6 2. Nf3 d5 3. Nc3 dxe4 4. Nxe4 Nd7 5. d4 Ngf6 6. Nxf6+ Nxf6 7. Be2 c5
8. O-O cxd4 9. Nxd4 Bc5 10. Nb3 Bb6 11. Qxd8+ Bxd8 12. Bf3 Bc7 13. Re1 O-O 14.
Bg5 Nd7 15. Rad1 Ne5 16. Be2 Ng6 17. Bc4 h6 18. Bc1 e5 19. Bd5 Rb8 20. Nc5 Rd8
21. Ne4 b6 22. Nc3 Ba6 23. Bb3 Ne7 24. Rxd8+ Rxd8 25. f4 Ng6 26. Nd5 Rd7 27. f5
Nh4 28. f6 Nf5 1/2-1/2

[Event "Mechanics' Summer TNM; G/2 d5"]
[Site "San Francisco"]
[Date "2018.07.10"]
[Round "7.6"]
[White "Mackenzie, Dana N"]
[Black "Shi, Jaysen"]
[Result "1-0"]
[WhiteElo "2180"]
[BlackElo "1931"]
[Annotator "Winslow,E"]
[PlyCount "45"]
[EventDate "2018.??.??"]
[Source "ChessBase"]
[SourceDate "2007.09.04"]

1. e4 e6 2. Nf3 d5 3. Nc3 Nf6 4. e5 Nfd7 5. d4 c5 6. Bg5 Qb6 7. dxc5 Bxc5 8.
Qd2 O-O 9. O-O-O Bxf2 10. Na4 Qc6 11. Qxf2 Qxa4 12. Rd4 $6 (12. Be7 $1 Qxa2 (
12... Re8 13. Bd6 $16) 13. Bd3 {is quite dangerous}) 12... Qxa2 13. Qh4 Qa1+
14. Kd2 Qa5+ $6 (14... f5 15. exf6 g6 {is the only way to pretend to hold on} (
15... Nxf6 16. Bxf6 Rxf6 17. Bd3 Qxh1 18. Qxh7+) 16. Ra4 Qb1 17. Rg1 Qxb2 18.
Bd3 $16) (14... g6 15. Be7 Re8 16. Rf4) 15. c3 $4 (15. b4 Qc7 (15... Qb6 16.
Bd3) 16. Bf6 $18 (16. Bd3 $18)) 15... Nc5 $4 {[#]} (15... f5 $11 16. exf6 Nxf6
17. Bd3 Ne4+ 18. Rxe4 dxe4 19. Qxe4 (19. Bxe4 h6 $15) 19... g6 $11) 16. Bf6 $1
$18 Nb3+ 17. Ke3 Nxd4 18. cxd4 (18. Bd3 Nf5+ 19. Bxf5 {mates in a few}) 18...
h6 19. Bd3 Nd7 20. Qg3 Nxf6 21. exf6 g6 22. Bxg6 Kh8 23. Qf4 1-0

[Event "Mechanics' Summer TNM; G/2 d5"]
[Site "San Francisco"]
[Date "2018.06.05"]
[Round "2.23"]
[White "Malvar, Melchor S"]
[Black "Clemens, Kristian"]
[Result "0-1"]
[WhiteElo "1440"]
[BlackElo "1963"]
[Annotator "Winslow,E"]
[PlyCount "84"]
[EventDate "2018.??.??"]
[Source "ChessBase"]
[SourceDate "2007.09.04"]

1. e4 e5 2. Nc3 Nf6 3. f4 d5 4. fxe5 Nxe4 5. Nf3 {
Personally I'm out of book at this point.} Be7 {Most popular} 6. Nxe4 $4 {
But I still have my common sense! There goes the (White) e-pawn.} dxe4 7. Ng1
Qd4 $19 8. Qh5 Nc6 9. Bb5 O-O {
Black's best nine moves are winning. I hate computers.} 10. Bxc6 bxc6 (10...
Bc5 $1) 11. c3 Qd3 12. Qe2 Ba6 13. Qxd3 Bxd3 14. b3 Bh4+ 15. g3 Bg5 16. Nh3 Bh6
17. Nf2 Rfe8 18. Ng4 Bg5 19. h4 Be7 20. h5 Bc5 21. h6 Re6 22. hxg7 Kxg7 23. Bb2
Rg6 24. Nf6 h6 25. g4 Rd8 26. O-O-O {[#]} e3 27. Rh2 exd2+ 28. Rhxd2 Be3 29. c4
Be2 30. Bc3 Bxd1 31. Kxd1 Bxd2 32. Bxd2 Rg5 33. Kc2 Rxe5 34. Nh5+ Kh7 35. Bf4
Re2+ 36. Kc3 c5 37. a4 c6 38. b4 cxb4+ 39. Kxb4 Re6 40. Ka5 Rd4 41. Kb4 a5+ 42.
Kc5 Rde4 0-1

[Event "Mechanics' Spring TNM; G/2 d5"]
[Site "San Francisco"]
[Date "2018.04.03"]
[Round "3.21"]
[White "Malykin, Erika"]
[Black "Argo, Guy"]
[Result "0-1"]
[WhiteElo "1590"]
[BlackElo "1951"]
[Annotator "Donaldson"]
[PlyCount "70"]
[EventDate "2018.??.??"]
[Source "ChessBase"]
[SourceDate "2007.09.04"]

1. b3 e5 2. Bb2 Nc6 3. e4 Bc5 4. Nf3 d6 5. Bb5 Bd7 6. a4 Nf6 7. d3 O-O 8. h3 a6
9. Bxc6 Bxc6 10. Nbd2 b5 11. a5 Bd7 12. Qe2 Nh5 13. g3 g6 14. d4 exd4 15. Nxd4
Re8 16. g4 Nf4 17. Qf3 Qf6 18. c3 d5 19. Nf5 g5 20. O-O-O Bc6 21. Rhe1 {
Diagram [#]} Bxf2 (21... Qe6 $1) 22. e5 (22. c4) 22... Qg6 23. e6 Bxe1 24. Rxe1
fxe6 25. Kd1 exf5 26. Rxe8+ Rxe8 27. gxf5 Qxf5 28. c4 Qxh3 29. Qf2 dxc4 30. Qc5
Qh1+ 31. Kc2 Be4+ 32. Kc3 Qh3+ 33. Nf3 Qxf3+ 34. Kd2 Qe2+ 35. Kc1 Qc2# 0-1

[Event "Mechanics' Winter TNM; G/2 d5"]
[Site "San Francisco"]
[Date "2018.01.23"]
[Round "3.16"]
[White "Malykin, Erika"]
[Black "Erickson, Lane"]
[Result "0-1"]
[WhiteElo "1590"]
[BlackElo "1588"]
[PlyCount "58"]
[EventDate "2018.??.??"]
[Source "ChessBase"]
[SourceDate "2007.09.04"]

1. b3 b6 2. Bb2 Bb7 3. Nf3 Nf6 4. e3 e6 5. d4 c5 6. Nbd2 Nc6 7. c3 Qc7 8. Bd3
Nd5 9. Qc2 f5 10. Ne5 Nxe5 11. dxe5 Qxe5 12. c4 Nxe3 13. Bxe5 Nxc2+ 14. Bxc2
Bxg2 15. Rg1 Bc6 16. Bxg7 Rg8 17. Bxf8 Rxg1+ 18. Nf1 Kxf8 19. Rd1 b5 20. cxb5
Bxb5 21. Bd3 Bxd3 22. Rxd3 d5 23. Ke2 Rc8 24. Nd2 Ra1 25. Rh3 c4 26. Rxh7 Kg8
27. Rh3 c3 28. Rg3+ Kf7 29. Nf3 Rxa2+ 0-1

[Event "Mechanics' Spring TNM; G/2 d5"]
[Site "San Francisco"]
[Date "2018.04.17"]
[Round "5.27"]
[White "Malykin, Erika"]
[Black "Pane, Gianluca"]
[Result "0-1"]
[WhiteElo "1590"]
[BlackElo "1811"]
[Annotator "Winslow,Elliott"]
[PlyCount "99"]
[EventDate "2018.??.??"]
[Source "ChessBase"]
[SourceDate "2007.09.04"]

1. b3 e5 2. Bb2 Nc6 3. e3 Nf6 4. Nf3 d6 5. Bb5 Bd7 6. a4 a6 7. Be2 Be7 8. d3
O-O 9. Nbd2 Re8 10. O-O Bf8 11. h3 d5 12. Nh2 Bf5 13. Ng4 Nxg4 14. Bxg4 Qd7 15.
Bxf5 Qxf5 16. e4 Qd7 17. Kh1 Rad8 18. f4 exf4 19. Rxf4 Bd6 20. Rg4 Be5 21. exd5
Bxb2 22. dxc6 Qxc6 23. Rb1 Bd4 24. Nf3 Bf6 25. Rc4 Qd6 26. Qd2 Rd7 27. Re1 Rde7
28. Rxe7 Rxe7 29. Qf2 h6 30. Nd2 Be5 31. Nf1 Re6 32. Re4 Rf6 33. Qe2 Bd4 34.
Ne3 Bc5 35. Ng4 Rg6 36. Re8+ Kh7 37. Qe5 Qc6 38. Qe4 f5 39. Qxc6 Rxc6 40. Ne5
Rd6 41. Nc4 Rd7 42. Re5 Bd4 43. Rxf5 Re7 44. Rf1 Re2 45. Rc1 b5 46. axb5 axb5
47. Na5 Be3 48. Rd1 Rxc2 49. d4 Bf4 50. d5 (50. d5 Rb2 {
is indeed evaluated -+ by Stockfish, but still surprising that White resigned.}
) 0-1

[Event "Mechanics' Winter TNM; G/2 d5"]
[Site "San Francisco"]
[Date "2018.02.13"]
[Round "6.38"]
[White "Malykin, Erika"]
[Black "Wingenroth, Jordan"]
[Result "1-0"]
[WhiteElo "1590"]
[BlackElo "1400"]
[PlyCount "65"]
[EventDate "2018.??.??"]
[Source "ChessBase"]
[SourceDate "2007.09.04"]

1. b3 e5 2. Bb2 d6 3. Nf3 Nc6 4. e3 Nf6 5. c4 Bg4 6. Be2 Be7 7. h3 Bxf3 8. Bxf3
Qd7 9. Na3 a6 10. Nc2 e4 11. Be2 O-O-O 12. d4 exd3 13. Qxd3 Ne5 14. Qd4 c5 15.
Qf4 Rhf8 16. O-O-O Ng6 17. Qh2 Kb8 18. f3 Ka8 19. e4 Nh5 20. g4 Bg5+ 21. Kb1
Bf4 22. Qg2 Ng3 23. Bxg7 Rg8 24. Bf6 Rde8 25. Rhe1 Qe6 26. Bb2 h5 27. Bd3 hxg4
28. hxg4 Ne5 29. Ne3 Nxd3 30. Rxd3 Bxe3 31. Qxg3 Bh6 32. Rxd6 Qe7 33. Rxh6 1-0

[Event "Mechanics' Winter TNM; G/2 d5"]
[Site "San Francisco"]
[Date "2018.02.27"]
[Round "8.16"]
[White "Malykin, Erika"]
[Black "Yanofsky, Kevin"]
[Result "1/2-1/2"]
[WhiteElo "1590"]
[BlackElo "1855"]
[PlyCount "58"]
[EventDate "2018.??.??"]
[Source "ChessBase"]
[SourceDate "2007.09.04"]

1. b3 e5 2. Bb2 Nc6 3. e3 Nf6 4. Nf3 e4 5. Nd4 Bc5 6. Nxc6 dxc6 7. d4 Bd6 8.
Be2 Bd7 9. Nd2 Qe7 10. c4 b6 11. Qc2 O-O 12. Rc1 c5 13. d5 Rae8 14. Bxf6 gxf6
15. h3 f5 16. g3 Qg5 17. g4 f6 18. h4 Qh6 19. gxf5 Bxf5 20. Rg1+ Kh8 21. h5 Rg8
22. Rxg8+ Rxg8 23. Nxe4 Qg7 24. Kd2 Qg2 25. f3 Qh2 26. Qd1 Be5 27. Qh1 Rg2 28.
Qxh2 Rxh2 29. Rg1 Bxe4 1/2-1/2

[Event "Mechanics' Spring TNM; G/2 d5"]
[Site "San Francisco"]
[Date "2018.03.27"]
[Round "2.27"]
[White "Marcus, Joel"]
[Black "Boldi, Nicholas"]
[Result "1-0"]
[WhiteElo "1917"]
[BlackElo "1451"]
[Annotator "Donaldson"]
[PlyCount "49"]
[EventDate "2018.??.??"]
[Source "ChessBase"]
[SourceDate "2007.09.04"]

1. d4 e6 2. Nf3 d5 3. Bf4 c5 4. c3 Nc6 5. e3 Qb6 6. Qb3 Qxb3 $2 7. axb3 Nf6 8.
Na3 $1 a6 $2 {Diagram [#]} (8... Bd7 9. Nb5 Rc8) 9. Nb5 $1 Kd7 10. Ng5 Nd8 11.
Be2 (11. Nc7 Ra7 (11... Rb8 12. Nxa6) 12. Bb5+ Ke7 13. dxc5 Nc6 14. Bxc6 bxc6
15. b4 Nh5 $2 16. Bd6+ Kd7 17. b5 $1 $18) 11... h6 12. Nf3 Nc6 13. h3 b6 14.
O-O Na5 $2 15. Ne5+ Ke7 16. Rxa5 $1 Bb7 (16... bxa5 17. Nc7 Bb7 18. Nxa8 Bxa8
19. dxc5 $18) 17. Raa1 axb5 18. Rxa8 Bxa8 19. Ra1 g5 20. Bh2 Bg7 21. Ra7+ Ke8
22. Rxa8+ Ke7 23. Ra7+ Ke8 24. Bxb5+ Kf8 25. Rxf7+ 1-0

[Event "Mechanics' Shipman TNM; G/2 d/5"]
[Site "San Francisco"]
[Date "2018.09.18"]
[Round "7.15"]
[White "Marcus, Joel"]
[Black "Cendejas, Juan Rod"]
[Result "0-1"]
[WhiteElo "1900"]
[BlackElo "1697"]
[Annotator "Winslow,Elliott"]
[PlyCount "101"]
[EventDate "2018.??.??"]
[Source "ChessBase"]
[SourceDate "2007.09.04"]

1. d4 e5 2. dxe5 d6 3. Nf3 Nc6 4. Nc3 Bg4 5. Bg5 Qd7 6. exd6 Bxd6 7. Qd2 f6 8.
Bf4 O-O-O 9. O-O-O Qf5 10. Bxd6 Rxd6 11. Qe3 Rxd1+ 12. Kxd1 Nge7 13. a3 Nd5 14.
Qd3 Nxc3+ 15. Qxc3 Qd5+ 16. Nd2 Qa2 17. Kc1 Qa1+ 18. Nb1 Rd8 19. b3 Qa2 20. f3
Be6 21. e3 Ne5 22. Be2 Rd6 23. Qb2 Qxb2+ 24. Kxb2 c5 $16 25. Nc3 a6 26. Ne4 Rc6
27. Rd1 Kc7 28. c4 h6 29. Kc3 f5 30. Nf2 Rd6 31. Nd3 Nd7 32. Nf4 Bf7 33. Rxd6
Kxd6 34. b4 b6 35. Bd1 b5 36. cxb5 axb5 37. bxc5+ Nxc5 38. Bc2 g6 39. Kb4 Kc6
40. Nd3 Nd7 41. f4 Bd5 42. Ne5+ Nxe5 43. fxe5 Bxg2 44. Bd3 Kd5 45. Bxb5 Kxe5
46. Kc5 Ba8 47. a4 Ke4 48. Bc6+ Bxc6 49. Kxc6 Kxe3 50. a5 f4 51. a6 {
0-1 ??? Did White lose on time? It's a stone cold draw...} 0-1

[Event "Mechanics' Winter TNM; G/2 d5"]
[Site "San Francisco"]
[Date "2018.02.13"]
[Round "6.24"]
[White "Marcus, Joel"]
[Black "Rakonitz, David"]
[Result "1/2-1/2"]
[WhiteElo "1914"]
[BlackElo "1595"]
[PlyCount "25"]
[EventDate "2018.??.??"]
[Source "ChessBase"]
[SourceDate "2007.09.04"]

1. d4 Nf6 2. Nf3 e6 3. Bf4 b6 4. e3 Bb7 5. Bd3 Be7 6. h3 c5 7. c3 O-O 8. O-O d6
9. Nbd2 Nc6 10. Qe2 Qd7 11. Rfd1 Rfd8 12. Bh2 Bf8 13. a4 {
Remaining moves unavailable.} 1/2-1/2

[Event "Mechanics' Shipman TNM; G/2 d/5"]
[Site "San Francisco"]
[Date "2018.09.04"]
[Round "5.29"]
[White "Marcus, Joel"]
[Black "Revi, Frank"]
[Result "1-0"]
[WhiteElo "1900"]
[BlackElo "1471"]
[PlyCount "57"]
[EventDate "2018.??.??"]
[Source "ChessBase"]
[SourceDate "2007.09.04"]

1. d4 Nf6 2. Nf3 d6 3. Bf4 c5 4. c3 e6 5. e3 Be7 6. h3 a6 7. Bd3 Nc6 8. O-O b6
9. Qc2 Qc7 10. Nbd2 e5 11. dxe5 dxe5 12. Bh2 b5 13. b3 Be6 14. a4 Bd6 15. axb5
c4 16. Nxc4 O-O 17. Nxd6 Qxd6 18. bxc6 Nd5 19. Nxe5 Qc5 20. Bc4 Rfd8 21. Rfc1
f6 22. Nf3 Qxc6 23. Nd4 Qb6 24. e4 Nxc3 25. Bxe6+ Kh8 26. Qxc3 Rxd4 27. Bc4
Rad8 28. Bg3 a5 29. Bd5 1-0

[Event "Mechanics' Summer TNM; G/2 d/5"]
[Site "San Francisco"]
[Date "2018.07.10"]
[Round "7.38"]
[White "Marcus, Joel"]
[Black "Sanderson, Ian"]
[Result "1-0"]
[WhiteElo "1905"]
[BlackElo "1044"]
[Annotator "Donaldson"]
[PlyCount "65"]
[EventDate "2018.??.??"]
[Source "ChessBase"]
[SourceDate "2007.09.04"]

1. d4 d5 2. Bf4 Nf6 3. Nf3 e6 4. e3 c5 5. c3 Nc6 6. Nbd2 Qb6 7. Rb1 Bd7 8. Bd3
Nh5 9. Bg3 Be7 10. Ne5 Nxe5 11. dxe5 Nxg3 12. hxg3 g6 13. O-O h5 14. c4 Bc6 15.
cxd5 Bxd5 16. e4 Bc6 17. Nc4 Qc7 18. Qe2 O-O-O 19. b4 b6 20. Nd6+ Bxd6 21. exd6
Qxd6 22. Ba6+ Kb8 23. bxc5 Qxc5 24. Rfc1 Qd6 25. Qc4 Bb7 26. Bxb7 Kxb7 27. e5
Qxe5 $4 (27... Qd7) (27... Qe7) 28. Qc6+ Ka6 (28... Kb8 29. Rxb6+) 29. Rb4 Rd5
30. Ra4+ Ra5 31. Rxa5+ Kxa5 (31... Qxa5 32. Rc4) 32. Rc3 f6 33. Ra3+ 1-0